| 000 | 00997nam a2200289 4500 | ||
|---|---|---|---|
| 001 | 131984 | ||
| 003 | ES-MaACL | ||
| 005 | 20230906194102.0 | ||
| 007 | t| | ||
| 008 | 070214s1977 sp r ||||1| cat d | ||
| 020 | _a84-297-1268-2 | ||
| 100 | 1 |
_aRoig, Montserrat. _999006 |
|
| 245 | 1 | 4 |
_aEls catalans als camps nazis / _cMontserrat Roig ; próleg d'Artur London. |
| 250 | _a2ª ed. | ||
| 260 |
_aBarcelona : _bEdicions 62, _c1977. |
||
| 300 |
_a533 p., [20] h. de lám. ; _c25 cm. |
||
| 490 | 1 |
_aCultura catalana contemporània ; _v6 |
|
| 504 | _aBibliografía: p. 361-363. | ||
| 650 | 4 |
_aPrisioneros de guerra españoles- _zEuropa. _9171303 |
|
| 650 | 4 |
_aExiliados catalanes- _zEuropa. _9171304 |
|
| 650 | 4 |
_aExiliados españoles- _y1939-1975. _912658 |
|
| 650 | 4 |
_aGuerra mundial, 1939-1945- _xCampos de concentración. _913235 |
|
| 700 | 1 |
_aLondon, Artur. _973217 |
|
| 830 | 1 |
_aCultura catalana contemporània ; _v6 _9219620 |
|
| 852 |
_aES-MaACL _jA-8162 |
||
| 999 |
_c131984 _d131984 |
||